000 00602nam a22001577a 4500
020 _a978-81-314-1921-2
082 _a370.15
_bMUK/P
100 _aMUKHERJEE, DEBASHREE
100 _aMUKHERJEE, ISHITA
245 _aPRIMARY EDUCATION
_bCONTEMPORARY ISSUES AND EXPERIENCES
260 _aHYDERABAD
_bTHE ICFAI UNIVERSITY PRESS
_c2008
300 _a250
520 _aTHE BOOK ENDEAVOURS TO GENERATE AWARENESS OF THE NECESSITY OF BASIC EDUCATION, NOT ONLY TO SUPPORT LITERACY AND ECONOMIC DEVELOPMENT BUT ALSO TO ENCOURAGE VALUE-BASED EDUCATION FROM CHILDHOOD
650 _aEDUCATIONAL
_zINDIA
942 _cBK
999 _c5448
_d5448